Scientifiques par lettre - H - Statistiques

Statistiques générales
  • Ce quiz a été pris 92 fois
  • Le résultat moyen est 4 sur 11
Statistiques - réponses
Indice Réponse % Correct
Les médecins prêtent son serment Hippocrate
90%
Il a mené des expériences sur les ondes électromagnétiques, l'unité de la fréquence porte son nom Heinrich Hertz
86%
Anglais connu pour sa maladie le paralysant Stephen Hawking
67%
Espace préhilbertien complet = espace de ... David Hilbert
54%
Il est à l'origine du principe d'incertitude Werner Heisenberg
51%
Il a découvert l'auto-induction. L'unité de l'inductance porte son nom Joseph Henry
33%
Un courant électrique traversant un matériau baignant dans un champ magnétique, engendre une tension perpendiculaire à ce dernier. Cet effet porte son nom Edwin Herbert Hall
12%
Il a découvert le satellite Titan et a également inventé la première horloge à pendule Christian Huygens
10%
Scientifique prussien connu pour son dispositif avec 2 bobines qui permet de créer des champs magnétiques quasi-uniformes Hermann von Helmholtz
9%
Chimiste allemand d'origine juive connu pour sa synthèse de l'ammoniac (utilisé pour les engrais et explosifs) ainsi que la création du Zyklon B Fritz Haber
4%
Prix Nobel de médecine en 1929 pour sa découverte des vitamines Frederick Gowland Hopkins
2%
Aucun quiz correspondant
Distribution des résultats
% des personnes avec chaque résultat
Percentile par nombre de réponses
Votre historique - résultats
Vous n’avez pas pris ce quiz